Géographie de la France A-Z - Statistiques

Statistiques générales
  • Ce quiz a été pris 393 fois
    312 depuis la dernière actualisation
  • Le résultat moyen est 19 sur 25
Statistiques - réponses
Lettre Indice Réponse % Correct
E Pays frontalier de la France Espagne
98%
A Ancienne région, frontalière de l'Allemagne Alsace
96%
M Mer séparant la France de la Grande-Bretagne Manche
95%
G Fleuve passant à Toulouse Garonne
93%
C Plus grande île de métropole Corse
92%
J Chaîne de montagne située entre la France et la Suisse Jura
92%
O Commune du Val-de-Marne donnant son nom à un aéroport très fréquenté Orly
92%
R Fleuve définissant la frontière entre l'Alsace et l'Allemagne Rhin
89%
B Département le plus peuplé de la côte méditerranéenne Bouches-du-Rhône
88%
I Avec la Vilaine, cette rivière donne son nom à un département Ille
88%
L Ville accueillant une célèbre course d'endurance automobile Le Mans
86%
H Département côtier et frontalier du Gard Hérault
81%
F Chef-lieu de la Martinique Fort-de-France
80%
T Ville la plus peuplée de la région Centre-Val-de-Loire Tours
80%
W Vaste région francophone belge, bordant la France Wallonie
76%
N Département français le plus peuplé Nord
75%
U Organisation politico-économique ayant son parlement à Strasbourg Union européenne
75%
Y Île vendéenne où repose Philippe Pétain Île d'{Yeu}
59%
S Chef-lieu du département de la Loire Saint-Etienne
58%
Z Pendant la Seconde Guerre mondiale, la partie du territoire français située au sud de la ligne de démarcation Zone libre
55%
P Pays frontalier de la France sur l'île de Saint-Martin Pays-Bas
52%
Q Presqu'île touristique du Morbihan Quiberon
52%
D Ville de Seine-Saint-Denis, connue pour son camp d'internement pendant la seconde guerre mondiale Drancy
49%
K Archipel français d'îles sub-antarctiques tout au sud de l'océan Indien Îles {Kerguelen}
41%
V Région naturelle de Picardie portant le nom d'une dynastie royale française Valois
30%
Aucun quiz correspondant
Distribution des résultats
% des personnes avec chaque résultat
Percentile par nombre de réponses
Votre historique - résultats
Vous n’avez pas pris ce quiz depuis la dernière actualisation